Clue Jr : (Record no. 7206)

MARC details
000 -LEADER
fixed length control field 01147nam a22003017a 4500
001 - CONTROL NUMBER
control field 7206
003 - CONTROL NUMBER IDENTIFIER
control field FISKH
005 - DATE AND TIME OF LATEST TRANSACTION
control field 20250702141120.0
008 - FIXED-LENGTH DATA ELEMENTS--GENERAL INFORMATION
fixed length control field 250702b cb ||||| |||| 00| 0 eng d
020 ## - INTERNATIONAL STANDARD BOOK NUMBER
International Standard Book Number 078073002993
040 ## - CATALOGING SOURCE
Original cataloging agency FISKH
Language of cataloging eng
Transcribing agency FISKH
Modifying agency FISKH
050 ## - LIBRARY OF CONGRESS CALL NUMBER
Classification number PZ7.R7384
082 ## - DEWEY DECIMAL CLASSIFICATION NUMBER
Classification number 303
100 ## - MAIN ENTRY--PERSONAL NAME
Personal name Rowland, Della
245 ## - TITLE STATEMENT
Title Clue Jr :
Remainder of title The case of the missing movie /
Statement of responsibility, etc. Book created by Parker C.hinter ; Written by Della Rowland ; Illustrated by Sam Viviano ; Based on characters from the Parker Brothers game ; A creative Media Applications Production
250 ## - EDITION STATEMENT
Edition statement This edition first published in 1995
260 ## - PUBLICATION, DISTRIBUTION, ETC.
Place of publication, distribution, etc. New York :
Name of publisher, distributor, etc. Scholastic,
Date of publication, distribution, etc. 1995
300 ## - PHYSICAL DESCRIPTION
Extent 88 pages :
Other physical details illustrations ;
Dimensions 20 cm
505 ## - FORMATTED CONTENTS NOTE
Formatted contents note L<br/>
520 ## - SUMMARY, ETC.
Summary, etc. The Clue Club loves to solve mysteries. There are cases at school, the baseball field, and the park. Look for the clues in the stories or the pictures.<br/>
521 8# - TARGET AUDIENCE NOTE
Target audience note 510<br/>
Source Lexile<br/>
521 8# - TARGET AUDIENCE NOTE
Target audience note L<br/>
Source Raz-Plus<br/>
650 ## - SUBJECT ADDED ENTRY--TOPICAL TERM
Source of heading or term Mystery stories
Topical term or geographic name entry element Juvenile literature
650 ## - SUBJECT ADDED ENTRY--TOPICAL TERM
Source of heading or term Clue
Topical term or geographic name entry element Lower Elementary
700 ## - ADDED ENTRY--PERSONAL NAME
Personal name Viviano, Sam
Dates associated with a name illustrator
942 ## - ADDED ENTRY ELEMENTS (KOHA)
Source of classification or shelving scheme Dewey Decimal Classification
Koha item type Books
Suppress in OPAC No
Holdings
Withdrawn status Lost status Source of classification or shelving scheme Damaged status Not for loan Collection Home library Current library Shelving location Date acquired Total Checkouts Full call number Barcode Date last seen Copy number Price effective from Koha item type
    Dewey Decimal Classification     Juvenile Fiction Footprints International School Library Network Toul Tom Poung Campus Footprints International School Library Network Toul Tom Poung Campus TTP Primary Yellow Bookshelves 07/02/2025   ROW 303 PZ7.R7384 2025-1729 07/02/2025 1 07/02/2025 Books